Statistics for Match the Currency to the Country #4

Click here to take the quiz!

General Stats

  • This quiz has been taken 56 times
  • The average score is 8 of 10

Answer Stats

HintAnswer% Correct
AfghanistanAfghani
93%
Saudi ArabiaRiyal
91%
UkraineHryvnia
83%
Cabo VerdeEscudo
78%
MalaysiaRinggit
74%
RomaniaLeu
72%
North MacedoniaDenar
70%
GuatemalaQuetzal
70%
Costa RicaColón
65%
PeruSol
54%

Score Distribution

Percentile by Number Answered

Percent of People with Each Score

Your Score History

You have not taken this quiz